书目信息 |
| 题名: |
俄罗斯往何处去
|
|
| 作者: | 麦德维杰夫 , Медведев 著 ;徐葵 译 | |
| 分册: | ||
| 出版信息: | 北京 新华出版社 2000 |
|
| 页数: | 463页 | |
| 开本: | 20cm | |
| 丛书名: | 国际问题参考译丛 | |
| 单 册: | ||
| 中图分类: | K512.6 , D751.22 | |
| 科图分类: | ||
| 主题词: | 史评--俄罗斯--现代 , 史评 , 体制改革--研究--俄罗斯--现代 , 体制改革 | |
| 电子资源: | ||
| ISBN: | 7-5011-4703-5 | |
| 000 | 01049oam2 2200337 450 | |
| 001 | 1235615126 | |
| 005 | 20121007095432.81 | |
| 010 | @a7-5011-4703-5@dCNY30 | |
| 100 | @a20000309d2000 emky0chiy0110 ea | |
| 101 | 1 | @achi@crus |
| 102 | @aCN@b110000 | |
| 105 | @af z 001yd | |
| 200 | 1 | @a俄罗斯往何处去@Ae luo si wang he chu qu@e俄罗斯能搞资本主义吗?@f(俄)罗伊·麦德维杰夫(Рой Медведев)著@g徐葵等译 |
| 210 | @a北京@c新华出版社@d2000 | |
| 215 | @a463页@c照片@d20cm | |
| 225 | 2 | @a国际问题参考译丛 |
| 300 | @a由作者授权出版 | |
| 300 | @a内部发行 | |
| 461 | 0 | @12001 @a国际问题参考译丛 |
| 517 | 1 | @a俄罗斯能搞资本主义吗?@Ae luo si neng gao zi ben zhu yi ma ? |
| 606 | 0 | @a史评@y俄罗斯@z现代 |
| 606 | 0 | @a史评 |
| 606 | 0 | @a体制改革@x研究@y俄罗斯@z现代 |
| 606 | 0 | @a体制改革 |
| 690 | @aK512.6@v4 | |
| 690 | @aD751.22@v4 | |
| 701 | 1 | @a麦德维杰夫@Amai de wei jie fu@bР.@4著 |
| 701 | 1 | @aМедведев@bРой@4著 |
| 702 | 0 | @a徐葵@Axu kui@4译 |
| 801 | 0 | @aCN@bNLC@c20101222 |
| 905 | @a10447@dK512.6@eJY52 | |
| 俄罗斯往何处去:俄罗斯能搞资本主义吗?/(俄)罗伊·麦德维杰夫(Рой Медведев)著/徐葵等译.-北京:新华出版社,2000 |
| 463页:照片;20cm.-(国际问题参考译丛) |
| 由作者授权出版.-内部发行 |
| ISBN 7-5011-4703-5:CNY30 |
| ● |
| 相关链接 |
|
|
|
|
正题名:俄罗斯往何处去
索取号:K512.6/JY52
 
预约/预借
| 序号 | 登录号 | 条形码 | 馆藏地/架位号 | 状态 | 备注 |
| 1 | 7832192 | 278321923 | 学院路分馆/ [索取号:K512.6/JY52] | 在馆 | |
| 2 | 7832193 | 278321932 | 学院路分馆/ [索取号:K512.6/JY52] | 在馆 | |
| 3 | 7832194 | 278321941 | 学院路分馆/ [索取号:K512.6/JY52] | 在馆 |